Tourisme et balance des paiements Europe 1970 - 1979,II-Dennees du F.M.I.
Αποθηκεύτηκε σε:
| Κύριος συγγραφέας: | |
|---|---|
| Μορφή: | Βιβλίο |
| Γλώσσα: | French |
| Δημοσίευση: |
Paris :
Centre des hautes etudes touristiques,
1981
|
| Σειρά: | Cahiers du tourisme.
; 6 |
| Θέματα: | |
| Ετικέτες: |
Προσθήκη ετικέτας
Δεν υπάρχουν, Καταχωρήστε ετικέτα πρώτοι!
|
MARC
| LEADER | 00000cam a2200000 i 4500 | ||
|---|---|---|---|
| 001 | 1/19429 | ||
| 008 | 960627s1981 fre d | ||
| 035 | |l 10021272 | ||
| 040 | |a GR-MY-UA |b gre |e aacr | ||
| 041 | 0 | |a fre | |
| 082 | 0 | |a 338.4791 | |
| 100 | 1 | |a Baretje, Rene. | |
| 245 | 1 | 0 | |a Tourisme et balance des paiements Europe 1970 - 1979,II-Dennees du F.M.I. / |c R.Baretje |
| 260 | |a Paris : |b Centre des hautes etudes touristiques, |c 1981 | ||
| 300 | |a 44 p. | ||
| 490 | 1 | |a Cahiers du tourisme. Serie D |v ; 6 | |
| 650 | 0 | 0 | |a Tourism. |
| 830 | 0 | |a Cahiers du tourisme. |n Serie D ; |v ; 6 | |
| 852 | |a INST |b CHIOS |e 19960627 |h 338.4791 BAR |p 005200007476 |q 005200007476 |t BK |y 0 | ||
| 909 | |a Χ |b 032084 | ||